| 000 | 01074nam a22002657a 4500 | ||
|---|---|---|---|
| 001 | 00520 | ||
| 003 | DO-SdBNP | ||
| 005 | 20231003123814.0 | ||
| 007 | 00520 | ||
| 008 | 160609b sp 1961 00| 0 spa d | ||
| 040 |
_aBPMSU _bspa _cBPMSU |
||
| 082 | 4 |
_a330.942 _bA425e 1961 _222 |
|
| 100 | 1 |
_a Allen, Roy George Douglas, _d1906-1983. |
|
| 245 | 1 |
_aEstadística para economistas / _cR. G. D. Allen ; traducción Ramón Verea. |
|
| 250 | _a2a ed. | ||
| 260 |
_aEspaña : _bJuventud, _c1961. |
||
| 300 |
_a200 p. : _c22 cm. |
||
| 500 | _aIncluye índice de autores | ||
| 505 |
_tLa materia prima de la estadística -- _tLos datos estadísticos conocidos como fuentes informativas -- _tGráficos y diagramas -- _tEstadística derivada -- _tDistribuciones de frecuencias -- _tNúmeros índices -- _tCorrelación -- _tSeries cronológicas -- _tLa adecuada elección de los grupos representativos. |
||
| 590 | _aInventariado, 2023/VM | ||
| 650 | 4 |
_aHistoria económica _zInglaterra. |
|
| 700 | 1 |
_aVerea, Ramón, _etr. |
|
| 910 | _aVMateo V. Control de calidad. BPMSU | ||
| 942 |
_2ddc _cBK |
||
| 999 |
_c10343 _d10343 |
||